[Event "Championnat de France Benjamine"]
[Site "CALVI"]
[Date "????.??.??"]
[Round "2.10"]
[White "Macarry, Elodie"]
[Black "Moissidis, Monika"]
[Result "1-0"]
[WhiteElo "1660"]
[BlackElo "1360"]
[PlyCount "133"]
[EventDate "2005.??.??"]
[SourceDate "2005.04.17"]

1. e4 d5 2. exd5 Qxd5 3. Nc3 Qa5 4. d4 Nf6 5. Bd3 c6 6. Nf3 Bg4 7. O-O Nbd7 8.
Re1 O-O-O 9. a3 Qc7 10. b4 e5 11. Be2 Bd6 12. Bb2 exd4 13. Nxd4 Bxh2+ 14. Kh1
Bxe2 15. Ncxe2 Be5 16. c3 Nb6 17. Qb3 Ng4 18. Kg1 Bxd4 19. cxd4 h5 20. Qh3 Kb8
21. Bc1 Ka8 22. Bf4 Qd7 23. Rad1 Nf6 24. Qb3 h4 25. Kf1 h3 26. Bh2 hxg2+ 27.
Kxg2 Qg4+ 28. Qg3 Qxg3+ 29. Bxg3 Ne4 30. Be5 Nc4 31. Ra1 Nxe5 32. dxe5 Rhe8 33.
f4 g5 34. fxg5 Rxe5 35. Ng3 Rde8 36. Rad1 a6 37. Nxe4 Rxe4 38. Rxe4 Rxe4 39.
Kf3 Re7 40. Kf4 Kb8 41. Rd8+ Kc7 42. Rf8 Kd6 43. Kf5 Re5+ 44. Kf6 Re3 45. Rxf7
Rxa3 46. g6 b6 47. g7 Rf3+ 48. Kg6 Rg3+ 49. Kh7 Rh3+ 50. Kg8 Kd5 51. Kf8 Rg3
52. g8=Q Rxg8+ 53. Kxg8 Kc4 54. Rf4+ Kb5 55. Kf7 a5 56. bxa5 Kxa5 57. Ke6 c5
58. Kd5 Kb5 59. Rg4 Ka6 60. Kc4 Ka5 61. Rg1 Ka6 62. Ra1+ Kb7 63. Kb5 Kc7 64.
Ra6 Kd6 65. Rxb6+ Kd5 66. Rc6 Kd4 67. Rxc5 {et mat en qqs coups} 1-0

[Event "Championnat de France Benjamin"]
[Site "CALVI"]
[Date "????.??.??"]
[Round "3.1"]
[White "Nahed, Yann"]
[Black "Feller, Sebastien"]
[Result "1/2-1/2"]
[WhiteElo "2031"]
[BlackElo "2228"]
[PlyCount "75"]
[EventDate "2005.??.??"]
[SourceDate "2005.04.17"]

1. e4 c5 2. Nf3 e6 3. d4 cxd4 4. Nxd4 a6 5. Bd3 Bc5 6. Nb3 Ba7 7. Nc3 d6 8. Qe2
Nf6 9. Be3 b5 10. a3 Nbd7 11. Rd1 O-O 12. O-O Qc7 13. Bxa7 Rxa7 14. a4 b4 15.
Na2 Nc5 16. Nxc5 Qxc5 17. c3 bxc3 18. Nxc3 Bb7 19. Rb1 Qb4 20. Rfc1 Raa8 21. b3
Qd4 22. Rb2 Rfc8 23. Rbc2 Nd7 24. Bc4 Nc5 25. Rd1 Qe5 26. f3 Nxb3 27. Bxb3 Rxc3
28. Rxc3 Qxc3 29. Qc4 Qe3+ 30. Kh1 Rc8 31. Qb4 Rc1 32. h3 Rxd1+ 33. Bxd1 h5 34.
Qxb7 Qe1+ 35. Kh2 Qxd1 36. Qxa6 h4 37. a5 Qe1 38. Qxd6 1/2-1/2

[Event "Championnat de France Benjamin"]
[Site "CALVI"]
[Date "????.??.??"]
[Round "3.2"]
[White "Blancho, Gwenael"]
[Black "Saatdjian, Thomas"]
[Result "0-1"]
[WhiteElo "2030"]
[BlackElo "2069"]
[PlyCount "60"]
[EventDate "2005.??.??"]
[SourceDate "2005.04.17"]

1. e4 e6 2. d4 c5 3. Nf3 cxd4 4. Nxd4 a6 5. Bd3 Nf6 6. O-O Qc7 7. Qe2 d6 8. c4
g6 9. Bg5 Bg7 10. Nb3 Nbd7 11. N1d2 b6 12. f4 Bb7 13. Nf3 O-O 14. Rae1 e5 15.
Qc2 b5 16. Nfd2 Qb6+ 17. Kh1 Ng4 18. Bh4 Rac8 19. Qb1 Ne3 20. Bf2 exf4 21. cxb5
axb5 22. Nf3 d5 23. exd5 Bxd5 24. Bxe3 fxe3 25. Re2 f5 26. Nh4 Ne5 27. Nf3 Nxd3
28. Qxd3 Bc4 29. Qxe3 Qxe3 30. Rxe3 Bxf1 0-1

[Event "Championnat de France Benjamin"]
[Site "CALVI"]
[Date "????.??.??"]
[Round "3.3"]
[White "Demuth, Adrien"]
[Black "Ludwig, Remi"]
[Result "1/2-1/2"]
[WhiteElo "2018"]
[BlackElo "2046"]
[PlyCount "89"]
[EventDate "2005.??.??"]
[SourceDate "2005.04.17"]

1. d4 Nf6 2. c4 c5 3. d5 b5 4. cxb5 a6 5. bxa6 Bxa6 6. Nc3 d6 7. Nf3 g6 8. g3
Bg7 9. Bg2 O-O 10. O-O Nbd7 11. Re1 Nb6 12. e4 Nfd7 13. Qc2 Nc4 14. Nd2 Nxd2
15. Qxd2 Ne5 16. b3 Nd3 17. Re3 Qa5 18. Bb2 Nxb2 19. Qxb2 Bd4 20. Rf3 Rfb8 21.
Rd1 Qb4 22. Qc2 Bc8 23. Rd2 Ra7 24. Bf1 Bxc3 25. Qxc3 Qxe4 26. Re3 Qb4 27. Qb2
Bf5 28. Bc4 Rab7 29. Qc1 Ra7 30. Rde2 Rbb7 31. Kg2 Bd7 32. Re4 Bf5 33. Rh4 h5
34. Ba6 Qxh4 35. gxh4 Rxa6 36. f3 Kg7 37. Qc3+ f6 38. a4 Rab6 39. a5 Rb4 40.
Kg3 Kf7 41. a6 Ra7 42. Ra2 Rb6 43. Qc4 Bc8 44. Qf4 Kg7 45. Qe3 1/2-1/2

[Event "Championnat de France Benjamin"]
[Site "CALVI"]
[Date "????.??.??"]
[Round "3.4"]
[White "Massoni, Michael"]
[Black "Charmeteau, Sven"]
[Result "0-1"]
[WhiteElo "2045"]
[BlackElo "2006"]
[PlyCount "74"]
[EventDate "2005.??.??"]
[SourceDate "2005.04.17"]

1. e4 c5 2. Nf3 e6 3. d4 cxd4 4. Nxd4 a6 5. Nc3 b5 6. a3 Qc7 7. Be2 Nf6 8. O-O
Bb7 9. Re1 Nxe4 10. Nxe4 Bxe4 11. Bxb5 Bxg2 12. Kxg2 axb5 13. Qf3 Ra4 14. Nxb5
Qb6 15. b3 Rh4 16. Bg5 Rxh2+ 17. Kxh2 Qxb5 18. Bf4 Nc6 19. c4 Qf5 20. Qe4 Qh5+
21. Kg1 Bc5 22. Bg3 f5 23. Qd5 Be7 24. Qd1 Qh3 25. b4 Bf6 26. Qd6 Nd4 27. Re3
g5 28. Qb8+ Kf7 29. Qd6 g4 30. Qxd7+ Kg6 31. Qb7 Nf3+ 32. Rxf3 gxf3 33. Qxf3
Bxa1 34. Qe3 Rd8 35. Qxe6+ Bf6 36. Qe2 Rd4 37. c5 f4 0-1

[Event "Championnat de France Benjamin"]
[Site "CALVI"]
[Date "????.??.??"]
[Round "3.5"]
[White "Milandre, Olivier"]
[Black "Tachikart, Yassin"]
[Result "1-0"]
[WhiteElo "1988"]
[BlackElo "2041"]
[PlyCount "75"]
[EventDate "2005.??.??"]
[SourceDate "2005.04.17"]

1. Nf3 d5 2. g3 c6 3. c4 dxc4 4. Bg2 Bf5 5. O-O Nd7 6. Na3 e6 7. Nxc4 Ngf6 8.
d3 Be7 9. b3 O-O 10. Bb2 Qc7 11. Nfe5 Rfe8 12. e4 Bg6 13. Nxg6 hxg6 14. d4 Rad8
15. Qc2 Bf8 16. Rfd1 Nb6 17. Rac1 Nxc4 18. bxc4 Qa5 19. a4 Rd7 20. e5 Nh7 21.
Rb1 Qc7 22. h4 Be7 23. Be4 Nf8 24. Kg2 Red8 25. Rh1 f5 26. Bf3 g5 27. hxg5 Bxg5
28. Rh5 Nh7 29. g4 g6 30. Rh2 Rg7 31. Qb3 Bf4 32. Rhh1 Qf7 {Diagramme #} 33. d5
cxd5 34. cxd5 fxg4 35. Bxg4 Rxd5 36. Rbd1 Bxe5 37. Rxd5 Bxb2 38. Rd8+ 1-0

[Event "Championnat de France Benjamin"]
[Site "CALVI"]
[Date "????.??.??"]
[Round "3.6"]
[White "Monpeurt, Fabien"]
[Black "Delivre, Raphael"]
[Result "0-1"]
[WhiteElo "1640"]
[BlackElo "2034"]
[PlyCount "98"]
[EventDate "2005.??.??"]
[SourceDate "2005.04.17"]

1. e4 c5 2. Nf3 Nc6 3. d4 cxd4 4. Nxd4 g6 5. Nc3 Bg7 6. Be3 Nf6 7. Bc4 O-O 8.
Bb3 d6 9. f3 Bd7 10. Qd2 Qa5 11. g4 Ne5 12. O-O-O Rfc8 13. h4 Nc4 14. Bxc4 Rxc4
15. Nb3 Qa6 16. h5 Rac8 17. hxg6 fxg6 18. Bh6 {Diagramme #} 18... Rxc3 19. bxc3
Nxe4 20. Qd5+ e6 21. Qa5 Qxa5 22. Nxa5 Nxc3 23. Rxd6 Nxa2+ 24. Kd1 Ba4 25. Ke2
Rxc2+ 26. Rd2 Bb5+ 27. Kf2 Bd4+ 28. Kg2 Rxd2+ 29. Bxd2 b6 30. Nb3 Bg7 31. Be3
Nb4 32. Rd1 Nd5 33. Bd4 Nf4+ 34. Kg3 Ne2+ 35. Kf2 Nxd4 36. Nxd4 Ba4 37. Rd2 Kf7
38. Ne2 Ke7 39. Ng3 Bc6 40. Ne4 Bxe4 41. fxe4 a5 42. Kf3 a4 43. Ke2 b5 44. Kd3
b4 45. Rc2 Bc3 46. g5 Kd6 47. Rh2 a3 48. Rxh7 a2 49. Rh6 a1=Q 0-1

[Event "Championnat de France Benjamin"]
[Site "CALVI"]
[Date "????.??.??"]
[Round "3.7"]
[White "Sochacki, Wojtek"]
[Black "Martin, Cedric"]
[Result "1/2-1/2"]
[WhiteElo "2110"]
[BlackElo "1958"]
[PlyCount "95"]
[EventDate "2005.??.??"]
[SourceDate "2005.04.17"]

1. e4 c5 2. Nc3 Nc6 3. f4 g6 4. Nf3 Bg7 5. Bc4 e6 6. O-O Nge7 7. Qe1 O-O 8. d3
d5 9. Bb3 b6 10. Qh4 f5 11. e5 h6 12. Bd2 Rb8 13. a4 a6 14. Qf2 Qc7 15. Ne2 Rd8
16. c3 Na5 17. Ba2 c4 18. Be3 b5 19. Bc5 Rb7 20. Bd6 Qd7 21. axb5 Rxb5 22. Ned4
Rb7 23. Bxc4 dxc4 24. Rxa5 Nc6 25. Nxc6 Qxc6 26. Rc5 Qb6 27. Rxc4 Qxb2 28. Qxb2
Rxb2 29. Rb4 Rxb4 30. cxb4 Bf8 31. Bxf8 Kxf8 32. Rc1 Bb7 33. Ne1 Rd4 34. Rc4
Rd7 35. Kf2 Ke7 36. Ke3 Kd8 37. g3 Bd5 38. Rc3 Rb7 39. Nc2 Kd7 40. Kd4 g5 41.
Ra3 Rb6 42. Rc3 Ba2 43. Kc5 $11 Rb5+ 44. Kd4 gxf4 45. gxf4 Bb1 46. Kc4 Ba2+ 47.
Kd4 Bb1 48. Kc4 1/2-1/2

[Event "Championnat de France Benjamin"]
[Site "CALVI"]
[Date "????.??.??"]
[Round "3.8"]
[White "Castro, John"]
[Black "Gonzalez, Paul"]
[Result "1-0"]
[WhiteElo "2060"]
[BlackElo "1920"]
[PlyCount "71"]
[EventDate "2005.??.??"]
[SourceDate "2005.04.17"]

1. e3 b6 2. c4 Bb7 3. Nf3 e6 4. Nc3 f5 5. d4 Bb4 6. Bd2 Nf6 7. Bd3 O-O 8. O-O
Bxc3 9. bxc3 Ne4 10. Re1 d6 11. Qc2 Qe8 12. Rad1 Rf6 13. Bf1 Rh6 14. Bc1 Qh5
15. h3 g5 16. Nh2 g4 17. d5 gxh3 18. g3 e5 19. Bd3 Qg6 20. Kh1 Kh8 21. g4 Qf7
$11 22. gxf5 Nc5 23. e4 Nxd3 24. Rxd3 Rh5 25. Rg3 Nd7 26. Reg1 Nf6 27. Qe2 Rh4
28. Bg5 Rf4 $11 29. Bxf6+ Qxf6 30. Rxh3 Qf7 31. f3 Rg8 32. Ng4 h5 33. Qh2 Rg5
34. Rgg3 Ba6 35. Nxe5 Qe7 36. Rxg5 1-0

[Event "Championnat de France Benjamin"]
[Site "CALVI"]
[Date "????.??.??"]
[Round "3.9"]
[White "Baudson, Charles"]
[Black "Kharmoudi, Slimane"]
[Result "1-0"]
[WhiteElo "2007"]
[BlackElo "1929"]
[PlyCount "79"]
[EventDate "2005.??.??"]
[SourceDate "2005.04.17"]

1. e4 c5 2. Nf3 d6 3. c3 Nf6 4. h3 Nc6 5. Bd3 e6 6. Bc2 Be7 7. O-O O-O 8. Re1
Qc7 9. d4 cxd4 10. cxd4 Nb4 11. Bb3 h6 12. Nc3 Bd7 13. a3 Na6 14. e5 Nh7 15.
Bf4 d5 16. Qd2 Kh8 17. Bc2 Rg8 18. h4 Qd8 19. Qd3 Nf8 {Diagramme #} 20. Ng5
hxg5 21. hxg5 g6 22. Re3 Rg7 23. Rg3 Nh7 24. Qe3 Nc7 25. a4 b5 26. Kh2 bxa4 27.
Rh1 Rb8 28. Nd1 Na8 29. Rh3 Nb6 30. Bd3 Na8 31. f3 Rb3 32. Kg3 Rxd3 33. Qxd3
Bxg5 34. Qe3 Bxf4+ 35. Qxf4 f5 36. exf6 Rf7 37. Rxh7+ Rxh7 38. Rxh7+ Kxh7 39.
Qh4+ Kg8 40. f7+ 1-0

[Event "Championnat de France Benjamin"]
[Site "CALVI"]
[Date "????.??.??"]
[Round "3.10"]
[White "Durandeau, Jean-Marie"]
[Black "Deblay, Maxime"]
[Result "0-1"]
[WhiteElo "2002"]
[BlackElo "1700"]
[PlyCount "64"]
[EventDate "2005.??.??"]
[SourceDate "2005.04.17"]

1. e4 c5 2. Nf3 d6 3. d4 cxd4 4. Nxd4 Nf6 5. Nc3 g6 6. Be3 Bg7 7. f3 O-O 8. Qd2
Bd7 9. O-O-O a6 10. g4 b5 11. Kb1 Nc6 12. h4 h5 13. Nd5 hxg4 14. Nxc6 Bxc6 15.
Nxf6+ Bxf6 16. fxg4 Bxe4 17. Bg2 Bxg2 18. Qxg2 Kg7 19. g5 Be5 20. h5 gxh5 21.
Rxh5 Rh8 22. Rdh1 Rxh5 23. Rxh5 Rc8 24. Qh3 Qc7 25. Qf5 e6 26. Qf2 Rh8 27. Rh6
Rxh6 28. gxh6+ Kh7 29. c3 f5 30. Qg2 Qc4 31. Qb7+ Kg6 32. Qb8 Qe4+ 0-1

[Event "Championnat de France Benjamine"]
[Site "CALVI"]
[Date "????.??.??"]
[Round "3.1"]
[White "Genzling, Sylvie"]
[Black "Fajolle, Iris"]
[Result "1-0"]
[WhiteElo "1982"]
[BlackElo "1680"]
[PlyCount "77"]
[EventDate "2005.??.??"]
[SourceDate "2005.04.17"]

1. e4 e6 2. d4 d5 $11 3. e5 c5 4. c3 Nc6 5. Nf3 Qb6 6. a3 c4 7. Nbd2 Na5 8. Be2
Bd7 9. O-O O-O-O 10. Rb1 Be7 11. Qe1 Ba4 12. Bd1 Qb5 13. Bxa4 Qxa4 14. Qd1 Qxd1
15. Rxd1 Nc6 16. b3 b5 17. a4 a6 18. Ra1 Nh6 19. Ba3 Nf5 20. h3 Bxa3 21. Rxa3
Kc7 $11 22. Ng5 Rdf8 23. f4 b4 24. cxb4 Nxb4 25. bxc4 Nxd4 26. Kh2 a5 27. cxd5
Nxd5 28. Nc4 Nc6 {Diagramme #} 29. f5 Kd7 30. Nb6+ Ke7 31. Nxd5+ exd5 32. Rxd5
Rd8 33. Rc5 Rc8 34. Rb3 Rc7 35. e6 fxe6 36. Nxe6 Rcc8 37. Rb7+ Kf6 38. g4 g6
39. g5# 1-0

[Event "Championnat de France Benjamine"]
[Site "CALVI"]
[Date "????.??.??"]
[Round "3.2"]
[White "Loiret, Momoko"]
[Black "Rambourg, Juliette"]
[Result "1-0"]
[WhiteElo "1690"]
[BlackElo "1870"]
[PlyCount "73"]
[EventDate "2005.??.??"]
[SourceDate "2005.04.17"]

1. d4 d5 2. c4 Nc6 3. Nf3 Bg4 4. e3 dxc4 5. Bxc4 e5 6. Qb3 Qd7 7. Nxe5 Nxe5 8.
dxe5 Bb4+ 9. Nd2 Bxd2+ 10. Bxd2 Rd8 11. Bc3 Nh6 12. O-O Qc8 13. e6 f6 14. f3
Bf5 15. e4 Bg6 16. Rad1 Ke7 17. Qa3+ c5 18. Bd4 b6 19. Qxa7+ Ke8 20. Bb5+ Kf8
21. e7+ Kg8 22. exd8=Q+ Qxd8 23. Bxc5 Qc8 24. Qxb6 Nf7 25. Rd7 h6 26. Rfd1 Kh7
27. Bc4 Ne5 28. Rd8 Rxd8 29. Rxd8 Nxc4 30. Rxc8 Nxb6 31. Bxb6 Bf7 32. a4 Be6
33. Rc7 Bb3 34. a5 Ba4 35. a6 Bb5 36. a7 Be8 37. a8=Q 1-0

[Event "Championnat de France Benjamine"]
[Site "CALVI"]
[Date "????.??.??"]
[Round "3.3"]
[White "Forgues, Valerie"]
[Black "Macarry, Elodie"]
[Result "0-1"]
[WhiteElo "1830"]
[BlackElo "1660"]
[PlyCount "142"]
[EventDate "2005.??.??"]
[SourceDate "2005.04.17"]

1. e4 e5 2. Nf3 Nc6 3. Bc4 Nf6 4. d3 Bc5 5. Nc3 d6 6. Bg5 Be6 7. Bb3 Nd4 8. h3
c6 9. O-O h6 10. Be3 Nxb3 11. axb3 Bb6 12. Ne2 O-O 13. Ng3 Nd7 14. c3 f5 15.
exf5 Bxf5 16. Bxb6 Qxb6 17. Ra4 Be6 18. Rb4 Qd8 19. Nh2 a5 20. Re4 Nc5 21. Re3
Bxb3 22. Qh5 Bf7 23. Qg4 Be6 24. Qh5 Bf7 25. Qg4 Be6 26. Qe2 b5 27. Re1 Bd5 28.
Qh5 Bf7 29. Qg4 Be6 30. Qd1 Bb3 31. Qd2 Bd5 32. d4 Nb3 33. Qd1 exd4 34. cxd4 a4
35. Re7 Qb6 36. Qg4 Qxd4 37. Qxd4 Nxd4 38. Rd7 Rad8 39. Ree7 Rxd7 40. Rxd7 Rf6
41. Nh5 Rg6 42. Nf4 Ne2+ 43. Nxe2 Rxg2+ 44. Kf1 Rxh2 45. Nf4 Rh1+ 46. Ke2 Bc4+
47. Kf3 g5 48. Ne2 Rxh3+ 49. Ng3 g4+ 50. Kf4 h5 51. Rxd6 Rh2 52. Ke3 h4 53. Nh5
Rh3+ 54. Kd2 Rf3 55. Nf6+ Kg7 56. Nxg4 h3 57. Rd7+ Rf7 58. Rd6 h2 59. Rh6 Be6
60. Rxh2 Bxg4 61. Rg2 Rf4 62. Ke3 Rf3+ 63. Ke4 Kf6 64. Rxg4 Rxf2 65. Rh4 Kg5
66. Rh3 Rxb2 67. Rc3 Rb4+ 68. Kd3 Rb3 69. Rxb3 axb3 70. Kc3 Kf5 71. Kxb3 Ke5
0-1

[Event "Championnat de France Benjamine"]
[Site "CALVI"]
[Date "????.??.??"]
[Round "3.4"]
[White "Forestier, Carole"]
[Black "Bomba, Melody"]
[Result "1-0"]
[WhiteElo "1647"]
[BlackElo "1780"]
[PlyCount "51"]
[EventDate "2005.??.??"]
[SourceDate "2005.04.17"]

1. d4 Nf6 2. c4 c5 3. d5 b5 4. cxb5 a6 5. f3 axb5 6. e4 Ba6 7. Na3 b4 8. Nc4 d6
9. Nh3 g6 10. Be2 Bg7 11. O-O O-O 12. Be3 Nbd7 13. Qd2 Bh8 14. Nf2 Qc7 15. Rfc1
Nb6 16. Nxb6 Qxb6 17. Bxa6 Rxa6 18. e5 Nd7 19. exd6 exd6 20. Ng4 Rfa8 21. Nh6+
Kf8 22. Re1 Rxa2 23. Rxa2 Rxa2 24. Bg5 Bf6 25. Qf4 Bxg5 26. Qxf7# 1-0

[Event "Championnat de France Benjamine"]
[Site "CALVI"]
[Date "????.??.??"]
[Round "3.5"]
[White "Peyre, Camille"]
[Black "Lefebvre, Stephane"]
[Result "1/2-1/2"]
[WhiteElo "1730"]
[BlackElo "1199"]
[PlyCount "65"]
[EventDate "2005.??.??"]
[SourceDate "2005.04.17"]

1. d4 d5 2. Bg5 f6 3. Bh4 Bf5 4. e3 e6 5. c4 c5 6. cxd5 exd5 7. Nc3 Be6 8. Nf3
Nc6 9. Bg3 Nh6 10. Nb5 Rc8 11. Be2 a6 12. Nc3 Nf5 13. dxc5 Nxg3 14. hxg3 Bxc5
15. O-O O-O 16. a3 Ne5 17. Nd4 Bxd4 18. Qxd4 Nc6 19. Qd2 d4 20. exd4 Nxd4 21.
Rad1 Nxe2+ 22. Qxe2 Qb6 23. Rfe1 Rfe8 24. Rc1 Bc4 25. Qg4 Rxe1+ 26. Rxe1 Qd8 {
Diagramme #} 27. Re7 g6 28. Rxb7 Rc7 29. Rxc7 Qxc7 30. Qe4 Kg7 31. Qd4 Bf7 32.
Qd3 Qb7 33. Qd2 1/2-1/2

[Event "Championnat de France Benjamine"]
[Site "CALVI"]
[Date "????.??.??"]
[Round "3.6"]
[White "Cointot, Julie"]
[Black "Richard, Emma"]
[Result "0-1"]
[WhiteElo "1620"]
[BlackElo "1730"]
[PlyCount "64"]
[EventDate "2005.??.??"]
[SourceDate "2005.04.17"]

1. e4 c5 2. Nc3 Nc6 3. f4 e6 4. Nf3 a6 5. g3 d5 6. exd5 exd5 7. Bg2 Nf6 8. O-O
Be7 9. d4 cxd4 10. Nxd4 O-O 11. h3 Bc5 12. Nce2 Ne4 13. Kh2 Re8 14. Be3 {
Diagramme #} 14... Nxg3 15. Nxc6 Nxf1+ 16. Qxf1 bxc6 17. Bxc5 a5 18. c4 Ba6 19.
b3 Qc7 20. Nd4 Rad8 21. Kg1 Qc8 22. Bb6 Rd6 23. Bxa5 dxc4 24. Qf2 cxb3 25. Nxb3
Re2 26. Qf3 Rg6 27. Be1 Rgxg2+ 28. Kh1 Rh2+ 29. Kg1 Rxh3 30. Bg3 Qd8 31. Qg4
Qb6+ 32. Kf1 Rh1# 0-1

[Event "Championnat de France Benjamine"]
[Site "CALVI"]
[Date "????.??.??"]
[Round "3.7"]
[White "Miralles, Megane"]
[Black "Armas, Lara-Maria"]
[Result "0-1"]
[WhiteElo "1630"]
[BlackElo "1730"]
[PlyCount "96"]
[EventDate "2005.??.??"]
[SourceDate "2005.04.17"]

1. e4 c5 2. Nf3 a6 3. g3 Nc6 4. Bg2 d6 5. O-O Nf6 6. Re1 e6 7. c3 e5 8. d4 cxd4
9. cxd4 Bg4 10. d5 Nd4 11. Be3 Nxf3+ 12. Bxf3 Bxf3 13. Qxf3 Rc8 14. Nc3 Be7 15.
Rad1 O-O 16. Kg2 a5 17. Rh1 Nd7 18. h4 Nc5 19. h5 Bg5 20. g4 Qe7 21. Rdf1 Bxe3
22. Qxe3 Qd7 23. Qg5 f6 24. Qh4 b5 25. f3 Nd3 26. Rb1 Nxb2 27. Rxb2 Rxc3 28. g5
fxg5 29. Qxg5 Rfxf3 30. Qh4 Rf4 31. Rxb5 Rxh4 32. Rb8+ Rc8 33. Rxc8+ Qxc8 34.
Rxh4 Qc2+ 35. Kf3 Qxa2 36. Rh1 a4 37. Ke3 Qb2 38. Kd3 a3 39. Kc4 a2 40. Rg1
a1=Q 41. Rxa1 Qxa1 42. Kb5 Qc3 43. Kb6 Qc5+ 44. Kb7 Kf7 45. Kb8 Ke7 46. Kb7 Kd7
47. Kb8 Qb6+ 48. Ka8 Kc7 0-1

[Event "Championnat de France Benjamine"]
[Site "CALVI"]
[Date "????.??.??"]
[Round "3.8"]
[White "Anamba-Onana, Marie-Therese"]
[Black "Bismuth, Sarah"]
[Result "0-1"]
[WhiteElo "1320"]
[BlackElo "1640"]
[PlyCount "74"]
[EventDate "2005.??.??"]
[SourceDate "2005.04.17"]

1. e4 e5 2. Nf3 Nc6 3. c3 d5 4. exd5 Qxd5 5. d3 Nf6 6. Nbd2 Bf5 7. Be2 Bxd3 8.
O-O Be7 9. Re1 Nd7 10. a3 O-O 11. c4 Qd6 12. Qb3 Nc5 13. Qd1 Bg6 14. b4 Ne6 15.
Bb2 Bf6 16. Bc3 e4 17. c5 Qd8 18. b5 Bxc3 19. Ra2 exf3 20. Bxf3 Ne7 21. Re3 Bd4
22. Re1 Nxc5 23. Nc4 Bd3 24. Qc1 Nb3 25. Qd1 Bxc4 26. Re4 Bd5 27. Rh4 Bxf3 28.
Qxf3 Nc5 29. Rd2 Ne6 30. Qd3 Ng6 31. Rg4 Qf6 32. Rg3 Rad8 33. Rf3 Qe7 34. Qe4
Qg5 35. Rg3 Qxd2 36. h3 Qxf2+ 37. Kh2 Qg1# 0-1

[Event "Championnat de France Benjamine"]
[Site "CALVI"]
[Date "????.??.??"]
[Round "3.9"]
[White "Buscara, Lena"]
[Black "Martin, Nadine"]
[Result "1-0"]
[WhiteElo "1500"]
[BlackElo "1630"]
[PlyCount "97"]
[EventDate "2005.??.??"]
[SourceDate "2005.04.17"]

1. e4 c5 2. Nf3 a6 3. d4 cxd4 4. Nxd4 Nf6 5. Nc3 e5 6. Nb3 Bb4 7. Bd3 d5 8. Bd2
d4 9. Ne2 Bxd2+ 10. Qxd2 b5 11. f4 exf4 12. Qxf4 Nc6 13. O-O O-O 14. e5 Nd5 15.
Qe4 g6 16. Nbxd4 Bb7 17. e6 Nf6 18. exf7+ Rxf7 19. Nxc6 Qb6+ 20. Qd4 Qxc6 21.
Rf2 Raf8 22. Raf1 g5 23. c4 Rd7 24. Qe3 Rg7 25. cxb5 axb5 26. Nc3 b4 27. Be4
Qd6 28. Bxb7 bxc3 29. Qxc3 Rgf7 30. Qc4 Kg7 31. Bf3 Rc7 32. Qb3 Rcf7 33. Bh5
Rd7 34. Be2 Kg6 35. Qc2+ Kg7 36. Qf5 h6 37. Qc2 Rdd8 38. a4 Qb6 39. b3 Rde8 40.
Bf3 g4 41. Be2 Ne4 42. Qb2+ Kg6 43. Bd3 Kg5 44. Bxe4 Rxe4 45. Qg7+ Kh4 46. Qxf8
Re3 47. Kh1 Rxb3 48. Rf5 Qc6 49. Qe7+ 1-0

[Event "Championnat de France Benjamine"]
[Site "CALVI"]
[Date "????.??.??"]
[Round "3.10"]
[White "Fernandez, Laura"]
[Black "Jacquillet, Pauline"]
[Result "1-0"]
[WhiteElo "1990"]
[BlackElo "1410"]
[PlyCount "47"]
[EventDate "2005.??.??"]
[SourceDate "2005.04.17"]

1. e4 e5 2. Nf3 Nc6 3. Bc4 Bc5 4. d3 d6 5. Nc3 Nf6 6. h3 O-O 7. Bg5 h6 8. Bh4
Be6 9. Bb3 Nd4 10. g4 g5 11. Bg3 c6 12. Nxd4 Bxd4 13. Bxe6 fxe6 14. h4 Nh7 15.
Qd2 Qf6 16. O-O-O Bxf2 17. Rdf1 Qf3 18. Bxf2 Qxg4 19. hxg5 hxg5 20. Rfg1 Qf3
21. Rxg5+ Nxg5 22. Qxg5+ Kf7 23. Rh7+ Ke8 24. Qe7# 1-0

[Event "Championnat de France Benjamin"]
[Site "CALVI"]
[Date "2005.04.19"]
[Round "4.1"]
[White "Saatdjian, Thomas"]
[Black "Charmeteau, Sven"]
[Result "1/2-1/2"]
[WhiteElo "2069"]
[BlackElo "2006"]
[PlyCount "39"]
[EventDate "2005.??.??"]
[SourceDate "2005.04.17"]

1. Nf3 c5 2. c4 Nf6 3. Nc3 e6 4. g3 b6 5. Bg2 Bb7 6. O-O Be7 7. d4 cxd4 8. Qxd4
O-O 9. b3 d6 10. Rd1 Nbd7 11. Bb2 a6 12. Qd2 Rc8 13. Nd4 Bxg2 14. Kxg2 Qc7 15.
e4 Qb7 16. f3 Rfd8 17. Rac1 Nc5 18. Qe2 h5 19. h4 g6 20. Qe3 1/2-1/2

[Event "Championnat de France Benjamin"]
[Site "CALVI"]
[Date "2005.04.19"]
[Round "4.2"]
[White "Delivre, Raphael"]
[Black "Milandre, Olivier"]
[Result "1/2-1/2"]
[WhiteElo "2034"]
[BlackElo "1988"]
[PlyCount "90"]
[EventDate "2005.??.??"]
[SourceDate "2005.04.17"]

1. e4 e6 2. d4 d5 3. Nd2 dxe4 4. Nxe4 Be7 5. Nf3 Nd7 6. Bd3 Ngf6 7. Ng3 O-O 8.
O-O c5 9. c3 cxd4 10. Nxd4 Nc5 11. Bc2 Qc7 12. Qf3 Bd7 13. Re1 Rfe8 14. Bf4 Qb6
15. b3 Nd5 16. Bd2 Bc6 17. Nxc6 Qxc6 18. c4 Nf6 19. Qxc6 bxc6 20. Bc3 Rad8 21.
Rad1 Bd6 22. b4 Na6 23. a3 Kf8 24. Ne4 Nxe4 25. Bxe4 Nb8 26. g3 f5 27. Bf3 e5
28. c5 e4 29. Be2 Be7 30. Bc4 a5 31. h4 axb4 32. axb4 Bf6 33. Bxf6 gxf6 34.
Rxd8 Rxd8 35. Be6 Na6 36. Bxf5 Nxb4 37. Bxe4 Re8 38. Kf1 h6 39. f3 Na6 40. Bxc6
Rxe1+ 41. Kxe1 Nxc5 42. Be4 Kg7 43. Ke2 Nd7 44. Ke3 Ne5 45. Kd4 Kf7 1/2-1/2

[Event "Championnat de France Benjamin"]
[Site "CALVI"]
[Date "2005.04.19"]
[Round "4.4"]
[White "Martin, Cedric"]
[Black "Castro, John"]
[Result "1-0"]
[WhiteElo "1958"]
[BlackElo "2060"]
[PlyCount "59"]
[EventDate "2005.??.??"]
[SourceDate "2005.04.17"]

1. e4 e6 2. d4 d5 3. Nd2 Nf6 4. e5 Nfd7 5. f4 c5 6. c3 Nc6 7. Ndf3 Be7 8. Bd3
O-O 9. Ne2 a6 10. h4 b5 11. h5 Bb7 12. Bb1 cxd4 13. cxd4 Rc8 14. Qd3 f5 15.
exf6 Nxf6 16. a3 Qa5+ 17. Bd2 Bb4 18. Ra2 Bxd2+ 19. Nxd2 Ne7 20. b4 Qb6 21. g4
Qd6 22. Rf1 Ne4 23. Nb3 Nc6 24. Nc5 Ba8 25. Nxe4 dxe4 26. Qxe4 Nxd4 27. Qxh7+
Kf7 28. Bg6+ Ke7 29. Qxg7+ Kd8 30. Rd2 {#} 1-0

[Event "Championnat de France Benjamin"]
[Site "CALVI"]
[Date "2005.04.19"]
[Round "4.5"]
[White "Ludwig, Remi"]
[Black "Conway, Anthony"]
[Result "1-0"]
[WhiteElo "2046"]
[BlackElo "1699"]
[PlyCount "69"]
[EventDate "2005.??.??"]
[SourceDate "2005.04.17"]

1. d4 d5 2. c4 e6 3. Nc3 Nf6 4. cxd5 exd5 5. Bg5 Be7 6. Qc2 Nbd7 7. e3 c6 8.
Bd3 O-O 9. Nf3 Re8 10. O-O Nf8 11. a3 h6 12. Bh4 Ne4 13. Bxe7 Qxe7 14. Rab1 Ng6
15. Bxe4 dxe4 16. Nd2 f5 17. b4 Qg5 18. Ne2 f4 19. Nxe4 Bf5 20. Qb3+ Be6 21.
Nxg5 Bxb3 22. Rxb3 hxg5 23. Re1 Re7 24. Nc3 Rae8 25. e4 Nh4 26. f3 Nf5 27. Ne2
Nd6 28. Kf2 Kf7 29. g3 g4 30. Nxf4 gxf3 31. e5 g5 32. exd6 Rxe1 33. d7 {#}
33... Rd8 34. Kxe1 gxf4 35. Rxf3 1-0

[Event "Championnat de France Benjamin"]
[Site "CALVI"]
[Date "2005.04.19"]
[Round "4.6"]
[White "Deblay, Maxime"]
[Black "Nahed, Yann"]
[Result "0-1"]
[WhiteElo "1700"]
[BlackElo "2031"]
[PlyCount "70"]
[EventDate "2005.??.??"]
[SourceDate "2005.04.17"]

1. d4 Nf6 2. c4 g6 3. Nc3 d5 4. e3 Bg7 5. Nf3 O-O 6. Be2 c5 7. dxc5 Qa5 8. O-O
dxc4 9. Bxc4 Qxc5 10. Bb3 Nc6 11. h3 Bf5 12. Bd2 Bd3 13. Re1 e5 14. e4 Rad8 15.
Rc1 Qb6 16. Na4 Qc7 17. Nc5 Qe7 18. Nxd3 Rxd3 19. Qe2 Rd6 20. Bc3 Bh6 21. Rcd1
Rfd8 22. Nd2 Nd4 23. Bxd4 Rxd4 24. Nf3 Rxe4 25. Rxd8+ Qxd8 26. Qb5 Rxe1+ 27.
Nxe1 Qc7 28. Nd3 e4 29. Qe5 Qc6 30. Qb8+ Kg7 31. Ne5 Qc1+ 32. Kh2 Qf4+ 33. Kg1
e3 34. f3 e2 35. Kf2 Qd2 0-1